| 000 | 01456cam a2200337 i 4500 | ||
|---|---|---|---|
| 001 | 15002992 | ||
| 003 | EG-ScBUE | ||
| 005 | 20241009110244.0 | ||
| 008 | 070911s2007 enka f b 001 0 eng d | ||
| 020 | _a9780521709798 (pbk. : alk. paper) | ||
| 020 | _a0521709792 (pbk. : alk. paper) | ||
| 035 | _a(OCoLC)ocn171287710 | ||
| 035 |
_a(OCoLC)171287710 _z(OCoLC)153555993 |
||
| 040 |
_aDLC _beng _erda _cDLC _dUKM _dBAKER _dYDXCP _dBTCTA _dC#P _dOCLCG _dDLC _dEG-ScBUE |
||
| 082 | 0 | 4 |
_a515.2433 _222 _bKAM |
| 100 | 1 |
_aKammler, David W., _d1940- _eauthor. _93946 |
|
| 245 | 1 | 2 |
_aA first course in fourier analysis / _cDavid W. Kammler, Department of Mathematics, Southern Illinois University at Carbondale. |
| 250 | _aRevised edition. | ||
| 264 | 1 |
_aCambridge : _bCambridge University Press, _c2007. |
|
| 300 |
_a1 volume (various pagings) : _billustrations ; _c25 cm |
||
| 336 |
_2rdacontent _atext _btxt |
||
| 337 |
_aunmediated _2rdamedia _bn |
||
| 338 |
_avolume _bnc _2rdacarrier |
||
| 504 | _aIncludes bibliographical references and index. | ||
| 650 | 7 |
_aFourier analysis. _2BUEsh _93947 |
|
| 655 | _vReading book | ||
| 856 | 4 | 1 |
_3Table of contents only _uhttp://www.loc.gov/catdir/enhancements/fy0803/2007037663-t.html |
| 856 | 4 | 2 |
_3Publisher description _uhttp://www.loc.gov/catdir/enhancements/fy0803/2007037663-d.html |
| 942 |
_2ddc _cBB |
||
| 999 |
_c11354 _d11354 |
||